[Event "Cappelle op 28th"]
[Site "Cappelle la Grande"]
[Date "2012.03.09"]
[Round "8"]
[White "Moranda, Wojciech"]
[Black "Royer, Sylvain"]
[Result "1/2-1/2"]
[WhiteElo "2569"]
[BlackElo "2260"]
[PlyCount "123"]
[EventDate "2012.03.03"]
[EventType "swiss"]
[EventRounds "9"]
[EventCountry "FRA"]
[SourceTitle "CBM 147 Extra"]
[Source "ChessBase"]
[SourceDate "2012.04.24"]
[SourceVersion "1"]
[SourceVersionDate "2012.04.24"]
[SourceQuality "1"]

1. d4 d5 2. c4 c6 3. Nc3 Nf6 4. e3 e6 5. Nf3 Nbd7 6. Bd3 dxc4 7. Bxc4 b5 8. Bd3 b4 9. Na4 Be7 10. e4 c5 11. e5 Nd5 12. dxc5 Qc7 13. 0-0 Nxc5 14. Nxc5 Qxc5 15. Qe2 Bb7 16. Bd2 Qb6 17. Rac1 h6 18. Rc4 Rc8 19. Rxc8+ Bxc8 20. Rc1 Bb7 21. Bb5+ Kf8 22. Qc4 g6 23. Bc6 Bxc6 24. Qxc6 Qxc6 25. Rxc6 Kg7 26. Kf1 Rb8 27. Nd4 Bg5 28. Bxg5 hxg5 29. g3 g4 30. Nb3 g5 31. Rc4 Kg6 32. Rxg4 Kf5 33. h3 Rc8 34. Ke1 Kxe5 35. Kd2 Kf6 36. h4 gxh4 37. Rxh4 Rc6 38. Nc1 Kf5 39. Nd3 a5 40. Rh8 Nb6 41. b3 Rd6 42. f3 a4 43. Rh5+ Kf6 44. Rh4 axb3 45. axb3 Nd5 46. Rd4 Ke7 47. g4 Rb6 48. f4 Rb8 49. g5 Rb5 50. Ke2 f6 51. Kf3 fxg5 52. fxg5 Ra5 53. Ne5 Ra3 54. Rd3 Ra1 55. Nc6+ Kf7 56. Ke4 Rc1 57. Ne5+ Kg7 58. Rf3 Rg1 59. g6 Nf6+ 60. Kd4 Re1 61. Re3 Rxe3 62. Kxe3 1/2-1/2

[Event "Champigny sur Marne op"]
[Site "Champigny sur Marne"]
[Date "2007.03.03"]
[Round "5"]
[White "Keller, Christophe"]
[Black "Royer, Sylvain"]
[Result "0-1"]
[WhiteElo "2228"]
[BlackElo "2256"]
[PlyCount "66"]
[EventDate "2007.03.01"]
[EventType "swiss"]
[EventRounds "6"]
[EventCountry "FRA"]
[SourceTitle "CBM 117 Extra"]
[Source "ChessBase"]
[SourceDate "2007.05.09"]
[SourceVersion "1"]
[SourceVersionDate "2007.05.09"]
[SourceQuality "1"]

1. e4 e5 2. Nc3 Nf6 3. Bc4 Nxe4 4. Qh5 Nd6 5. Bb3 Be7 6. Qxe5 0-0 7. d4 b5 8. Nge2 Nc6 9. Qf4 b4 10. Nd5 Ba6 11. Be3 Re8 12. Kd2 Bg5 13. Qg4 Bxe3+ 14. fxe3 Bxe2 15. Kxe2 Re4 16. Qh5 Nxd4+ 17. Kd2 Nxb3+ 18. axb3 c6 19. Nf4 Qf6 20. Nd3 g6 21. Qf3 Qe7 22. Rae1 Re8 23. g4 Qg5 24. Nf2 Qd5+ 25. Kc1 Qa5 26. Kb1 R4e7 27. h4 Qe5 28. e4 a5 29. g5 Qd4 30. Ng4 Nxe4 31. Rxe4 Rxe4 32. Nf6+ Kf8 33. Ka2 Re3 0-1

[Event "Champigny sur Marne op"]
[Site "Champigny sur Marne"]
[Date "2007.03.02"]
[Round "2"]
[White "Bodin Hullin, Thomas"]
[Black "Royer, Sylvain"]
[Result "0-1"]
[WhiteElo "1832"]
[BlackElo "2256"]
[PlyCount "64"]
[EventDate "2007.03.01"]
[EventType "swiss"]
[EventRounds "6"]
[EventCountry "FRA"]
[SourceTitle "CBM 117 Extra"]
[Source "ChessBase"]
[SourceDate "2007.05.09"]
[SourceVersion "1"]
[SourceVersionDate "2007.05.09"]
[SourceQuality "1"]

1. e4 g6 2. d4 Bg7 3. c4 c5 4. Nf3 cxd4 5. Nxd4 Nc6 6. Be3 Nf6 7. Nc3 d6 8. Be2 0-0 9. 0-0 Bd7 10. Rc1 Nxd4 11. Bxd4 Bc6 12. Bd3 a5 13. a3 a4 14. Be3 Nd7 15. f4 Qa5 16. Qe2 Nc5 17. Bxc5 Qxc5+ 18. Kh1 e6 19. Nd5 Rae8 20. Rfd1 f5 21. Qd2 Qd4 22. Nc3 fxe4 23. Be2 e5 24. fxe5 Qxd2 25. Rxd2 Bh6 26. Rcd1 Bxd2 27. Rxd2 dxe5 28. Kg1 Rd8 29. Nd5 Kg7 30. Bd1 b5 31. b3 axb3 32. Bxb3 e3 0-1

[Event "FRA-chT2 0304"]
[Site "France"]
[Date "2004.03.13"]
[Round "8"]
[White "Silva Lillo, Sebastian"]
[Black "Royer, Sylvain"]
[Result "1/2-1/2"]
[WhiteElo "2352"]
[BlackElo "2262"]
[PlyCount "64"]
[EventDate "2003.10.??"]
[EventType "team-tourn"]
[EventRounds "11"]
[EventCountry "FRA"]
[SourceTitle "EXT 2005"]
[Source "ChessBase"]
[SourceDate "2004.11.15"]
[SourceVersion "1"]
[SourceVersionDate "2004.11.15"]
[SourceQuality "1"]

1. d4 d5 2. Nf3 Nf6 3. c4 c6 4. Nc3 e6 5. cxd5 exd5 6. Bg5 Be7 7. Qc2 g6 8. e3 Bf5 9. Bd3 Bxd3 10. Qxd3 Nbd7 11. 0-0 a5 12. Rac1 0-0 13. Nd2 Re8 14. Na4 Ne4 15. Bxe7 Qxe7 16. Nxe4 dxe4 17. Qc2 Nf6 18. Nc5 Nd5 19. Qb3 Ra7 20. a3 Kg7 21. Na4 Rd8 22. Nb6 Nxb6 23. Qxb6 Ra6 24. Qb3 Rd5 25. Rc4 Ra8 26. Rfc1 Rad8 27. Rc5 R8d7 28. g3 Qe6 29. Qb6 Rxc5 30. Rxc5 Qg4 31. Qb3 Qe2 32. Qc2 g5 1/2-1/2

[Event "Cappelle op 18th"]
[Site "Cappelle la Grande"]
[Date "2002.02.09"]
[Round "1"]
[White "Sammalvuo, Tapani"]
[Black "Royer, Sylvain"]
[Result "1/2-1/2"]
[WhiteElo "2433"]
[BlackElo "2242"]
[PlyCount "100"]
[EventDate "2002.02.09"]
[EventType "swiss"]
[EventRounds "9"]
[EventCountry "FRA"]
[SourceTitle "CBM 086 Extra"]
[Source "ChessBase"]
[SourceDate "2002.03.14"]
[SourceVersion "1"]
[SourceVersionDate "2002.03.14"]
[SourceQuality "1"]

1. Nf3 Nf6 2. c4 c6 3. Nc3 d5 4. d4 e6 5. Bg5 Nbd7 6. e3 Qa5 7. Nd2 Bb4 8. Qc2 0-0 9. Be2 e5 10. 0-0 exd4 11. Nb3 Qc7 12. Nxd4 Bd6 13. cxd5 Bxh2+ 14. Kh1 Be5 15. dxc6 bxc6 16. Nxc6 Qxc6 17. Bf3 Qe6 18. Bxa8 Qg4 19. f4 Qh5+ 20. Kg1 Ng4 21. g3 Bxc3 22. bxc3 Nxe3 23. Qh2 Qxh2+ 24. Kxh2 Nxf1+ 25. Rxf1 Ba6 26. Rd1 Rxa8 27. Rxd7 f6 28. Bh4 Be2 29. g4 Bxg4 30. Rc7 a5 31. Bf2 Rc8 32. Rxc8+ Bxc8 33. a4 Bd7 34. Bb6 Bxa4 35. Kg3 Kf7 36. Bxa5 Ke6 37. Bb4 Bb5 38. Bf8 g6 39. Kh4 Kf5 40. Kg3 h5 41. Be7 g5 42. fxg5 fxg5 43. Kh3 h4 44. Bd8 Kg6 45. Kg2 Kh5 46. Kf2 g4 47. Bc7 Kg5 48. Bd6 Kf5 49. Bc7 h3 50. Bd6 Ke4 1/2-1/2

[Event "Paris Apsap op 55th"]
[Site "Paris"]
[Date "2002.??.??"]
[Round "1"]
[White "Henno, Francois"]
[Black "Royer, Sylvain"]
[Result "0-1"]
[WhiteElo "2000"]
[BlackElo "2271"]
[PlyCount "80"]
[EventDate "2002.08.26"]
[EventType "swiss"]
[EventRounds "9"]
[EventCountry "FRA"]
[SourceTitle "EXT 2004"]
[Source "ChessBase"]
[SourceDate "2003.11.25"]
[SourceVersion "1"]
[SourceVersionDate "2003.11.25"]
[SourceQuality "1"]

1. e4 e5 2. f4 exf4 3. Nf3 d6 4. d4 g5 5. Bc4 g4 6. Bxf4 gxf3 7. Qxf3 Be6 8. Bxe6 fxe6 9. Qh5+ Kd7 10. d5 Qe8 11. dxe6+ Qxe6 12. 0-0 Nc6 13. Nc3 Nf6 14. Qb5 a6 15. Qxb7 Ra7 16. Qb3 Qxb3 17. axb3 Bg7 18. Rad1 Ke6 19. Rfe1 Ng4 20. h3 Bxc3 21. bxc3 Nge5 22. Be3 Raa8 23. Bd4 Rhg8 24. Kh2 Rgf8 25. Re2 Rf4 26. Kg1 Rg8 27. Kh2 Rgf8 28. Kg1 Nd7 29. Rde1 Nce5 30. Ra1 Nf6 31. Rxa6 Rxe4 32. Rd2 Nh5 33. Ra1 Ng3 34. Bxe5 Rxe5 35. Rd3 Ne2+ 36. Kh2 Rf2 37. Ra4 Rg5 38. Re3+ Kf5 39. Rf3+ Rxf3 40. gxf3 Nxc3 0-1

[Event "Paris Apsap 61mn KO op 34th"]
[Site "Paris"]
[Date "2002.??.??"]
[Round "1"]
[White "Le Goff, Francois Xavier"]
[Black "Royer, Sylvain"]
[Result "0-1"]
[WhiteElo "1910"]
[BlackElo "2271"]
[PlyCount "52"]
[EventDate "2002.08.18"]
[EventType "swiss (rapid)"]
[EventRounds "7"]
[EventCountry "FRA"]
[SourceTitle "EXT 2003"]
[Source "ChessBase"]
[SourceDate "2002.11.25"]
[SourceVersion "1"]
[SourceVersionDate "2002.11.25"]
[SourceQuality "1"]

1. e4 e5 2. Nf3 Nc6 3. Bb5 a6 4. Ba4 Nf6 5. 0-0 b5 6. Bb3 Bc5 7. d3 h6 8. c3 d6 9. h3 0-0 10. Nbd2 Bb6 11. Re1 Ne7 12. Nf1 Ng6 13. Ng3 Kh8 14. d4 Bb7 15. d5 Qd7 16. Nf5 Nxe4 17. Rxe4 Qxf5 18. Bc2 Qh5 19. Kh2 f5 20. g4 fxg4 21. Rxg4 Rf7 22. Qd3 e4 23. Qxe4 Bxd5 24. Qxg6 Qxg6 25. Rxg6 Rxf3 26. Rg2 Rf6 0-1

[Event "Paris-ch op"]
[Site "Paris"]
[Date "1999.07.24"]
[Round "8"]
[White "De Lagontrie, Jean"]
[Black "Royer, Sylvain"]
[Result "1-0"]
[WhiteElo "2113"]
[BlackElo "2212"]
[PlyCount "35"]
[EventDate "1999.07.17"]
[EventType "swiss"]
[EventRounds "9"]
[EventCountry "FRA"]
[SourceTitle "EXT 2000"]
[Source "ChessBase"]
[SourceDate "1999.11.16"]
[SourceVersion "1"]
[SourceVersionDate "1999.11.16"]
[SourceQuality "1"]

1. d4 Nf6 2. c4 g6 3. Nc3 Bg7 4. e4 d6 5. f4 0-0 6. Nf3 c5 7. d5 e6 8. Be2 exd5 9. cxd5 Bg4 10. 0-0 Re8 11. Nd2 Bxe2 12. Qxe2 Nbd7 13. a4 Nxe4 14. Ndxe4 f5 15. Qf3 fxe4 16. Nxe4 c4 17. Kh1 Rc8 18. Nxd6 1-0

[Event "Saint Quentin op"]
[Site "Saint Quentin"]
[Date "1999.04.23"]
[Round "7"]
[White "Royer, Sylvain"]
[Black "Rue, David"]
[Result "1/2-1/2"]
[WhiteElo "2275"]
[BlackElo "2153"]
[PlyCount "75"]
[EventDate "1999.04.??"]
[EventType "swiss"]
[EventRounds "9"]
[EventCountry "FRA"]
[SourceTitle "EXT 2000"]
[Source "ChessBase"]
[SourceDate "1999.11.16"]
[SourceVersion "1"]
[SourceVersionDate "1999.11.16"]
[SourceQuality "1"]

1. d4 Nf6 2. c4 e6 3. Nf3 b6 4. g3 Ba6 5. Nbd2 Bb4 6. Bg2 Bxc4 7. Qa4 Bxd2+ 8. Nxd2 Bd5 9. e4 Bc6 10. Qc2 Bb5 11. a4 Ba6 12. b4 0-0 13. b5 Bb7 14. 0-0 d5 15. Ba3 Re8 16. e5 Nfd7 17. f4 f6 18. Nc4 a6 19. h4 Qc8 20. Ne3 c5 21. Rfc1 cxd4 22. Qb2 Nc5 23. Qxd4 Nbd7 24. exf6 gxf6 25. f5 Ne5 26. Bxc5 bxc5 27. Rxc5 Qb8 28. b6 Qd6 29. Rc7 Bc6 30. fxe6 Rxe6 31. Rc1 Nf3+ 32. Bxf3 Qxg3+ 33. Ng2 Qxf3 34. R7xc6 Re2 35. Ne1 Qg3+ 36. Kf1 Rae8 37. Rc8 Qh3+ 38. Kg1 1/2-1/2

[Event "Saint Quentin op"]
[Site "Saint Quentin"]
[Date "1999.04.20"]
[Round "4"]
[White "Okhotnik, Vladimir"]
[Black "Royer, Sylvain"]
[Result "1-0"]
[WhiteElo "2438"]
[BlackElo "2275"]
[PlyCount "71"]
[EventDate "1999.04.??"]
[EventType "swiss"]
[EventRounds "9"]
[EventCountry "FRA"]
[SourceTitle "EXT 2000"]
[Source "ChessBase"]
[SourceDate "1999.11.16"]
[SourceVersion "1"]
[SourceVersionDate "1999.11.16"]
[SourceQuality "1"]

1. d4 d5 2. Nf3 Nf6 3. Bf4 Bf5 4. e3 e6 5. Bd3 Bxd3 6. cxd3 Bd6 7. Qb3 b6 8. Bg5 h6 9. Bh4 c5 10. dxc5 bxc5 11. Bxf6 gxf6 12. e4 Qa5+ 13. Nc3 d4 14. Qa4+ Qxa4 15. Nxa4 Nd7 16. Rc1 Ke7 17. Ke2 Rac8 18. b3 Bf4 19. Rc2 h5 20. g3 Bh6 21. Rb1 Kd6 22. Nb2 Nb6 23. Nc4+ Ke7 24. Kf1 Rb8 25. Na5 Kd6 26. b4 Nd7 27. bxc5+ Nxc5 28. Rd1 e5 29. Nh4 Rb5 30. Nf5+ Kd7 31. Nc4 Bf8 32. f4 Na4 33. Kg2 Nc3 34. Rf1 Ke6 35. Rcf2 Be7 36. fxe5 1-0

[Event "Clichy Evaluation 3"]
[Site "Clichy"]
[Date "1999.??.??"]
[Round "4"]
[White "Adda, Olivier"]
[Black "Royer, Sylvain"]
[Result "1/2-1/2"]
[WhiteElo "2100"]
[BlackElo "2275"]
[PlyCount "81"]
[EventDate "1999.??.??"]
[EventType "schev"]
[EventRounds "10"]
[EventCountry "FRA"]
[SourceTitle "EXT 2000"]
[Source "ChessBase"]
[SourceDate "1999.11.16"]
[SourceVersion "1"]
[SourceVersionDate "1999.11.16"]
[SourceQuality "1"]

1. e4 g6 2. d4 Bg7 3. Nc3 d6 4. Bg5 c6 5. f4 Qb6 6. e5 Qxb2 7. Nge2 Nh6 8. Rb1 Qa3 9. Ne4 Nf5 10. Rb3 Qa5+ 11. N2c3 h6 12. Bxe7 Kxe7 13. g4 Nh4 14. Nxd6 Rd8 15. Bh3 Kf8 16. Nxc8 Rxc8 17. 0-0 c5 18. Ne4 cxd4 19. Qxd4 Rd8 20. Qf2 Nc6 21. Qxh4 Nd4 22. Rxb7 Qd5 23. Qe7+ Kg8 24. Bg2 Rab8 25. Nd6 Qxa2 26. Rxa7 Qe6 27. Qxf7+ Qxf7 28. Nxf7 Ne2+ 29. Kh1 Rd2 30. f5 g5 31. f6 Bf8 32. e6 Nf4 33. Be4 Nxe6 34. Ne5 Nf4 35. Rh7 Bd6 36. Nd7 Rf8 37. Nxf8 Kxf8 38. Bf5 Nh3 39. Rh8+ Kf7 40. Rh7+ Kf8 41. Rh8+ 1/2-1/2

[Event "Clichy Evaluation 3"]
[Site "Clichy"]
[Date "1999.??.??"]
[Round "6"]
[White "Mohnblatt, Daniel"]
[Black "Royer, Sylvain"]
[Result "0-1"]
[WhiteElo "1810"]
[BlackElo "2275"]
[PlyCount "70"]
[EventDate "1999.??.??"]
[EventType "schev"]
[EventRounds "10"]
[EventCountry "FRA"]
[SourceTitle "EXT 2000"]
[Source "ChessBase"]
[SourceDate "1999.11.16"]
[SourceVersion "1"]
[SourceVersionDate "1999.11.16"]
[SourceQuality "1"]

1. e4 g6 2. Nc3 Bg7 3. f4 d6 4. Nf3 c6 5. d4 b5 6. Bd3 Qb6 7. Ne2 Bg4 8. c3 Nf6 9. Be3 Nbd7 10. Qd2 Qc7 11. 0-0 0-0 12. Ng3 Bxf3 13. Rxf3 Ng4 14. f5 Nxe3 15. Qxe3 Nf6 16. Raf1 c5 17. fxg6 hxg6 18. Nf5 gxf5 19. Rxf5 Ne8 20. e5 e6 21. Rf6 dxe5 22. dxe5 Rd8 23. Bc2 c4 24. Qe4 Rd3 25. R1f4 Qc5+ 26. Kh1 Nxf6 27. exf6 Rfd8 28. Bxd3 Rxd3 29. Qa8+ Qf8 30. Qxf8+ Bxf8 31. Rg4+ Kh7 32. h4 Bd6 33. Rg7+ Kh8 34. Kg1 Bg3 35. Kf1 Re3 0-1

[Event "Agneaux St Lo Masters-B"]
[Site "Agneaux"]
[Date "1999.??.??"]
[Round "?"]
[White "Royer, Sylvain"]
[Black "Guigonis, Dominique"]
[Result "1/2-1/2"]
[WhiteElo "2210"]
[BlackElo "2310"]
[PlyCount "45"]
[EventDate "1999.07.??"]
[EventType "tourn"]
[EventRounds "9"]
[EventCountry "FRA"]
[EventCategory "3"]
[SourceTitle "EXT 2000"]
[Source "ChessBase"]
[SourceDate "1999.11.16"]
[SourceVersion "1"]
[SourceVersionDate "1999.11.16"]
[SourceQuality "1"]

1. d4 Nf6 2. Nf3 e6 3. c4 b6 4. a3 Bb7 5. Nc3 d5 6. Qa4+ Qd7 7. Qxd7+ Nbxd7 8. Nb5 Bd6 9. Nxd6+ cxd6 10. cxd5 Bxd5 11. e3 Rc8 12. Ba6 Rc7 13. 0-0 Nb8 14. Bd3 Be4 15. Bxe4 Nxe4 16. Bd2 Nxd2 17. Nxd2 Kd7 18. Rfc1 Rhc8 19. Nb3 Rc2 20. Nc5+ R2xc5 21. dxc5 bxc5 22. Kf1 d5 23. Ke2 1/2-1/2

[Event "Clichy Evaluation 3"]
[Site "Clichy"]
[Date "1999.??.??"]
[Round "5"]
[White "Royer, Sylvain"]
[Black "Vaysse, Gerard"]
[Result "1-0"]
[WhiteElo "2275"]
[BlackElo "2050"]
[PlyCount "65"]
[EventDate "1999.??.??"]
[EventType "schev"]
[EventRounds "10"]
[EventCountry "FRA"]
[SourceTitle "EXT 2000"]
[Source "ChessBase"]
[SourceDate "1999.11.16"]
[SourceVersion "1"]
[SourceVersionDate "1999.11.16"]
[SourceQuality "1"]

1. g3 g6 2. Bg2 Bg7 3. e4 e5 4. Ne2 Nc6 5. 0-0 d6 6. c3 Nh6 7. h3 0-0 8. d4 Kh8 9. Na3 f5 10. dxe5 fxe4 11. exd6 cxd6 12. Nf4 Bf5 13. Nc4 Nf7 14. g4 Bc8 15. Bxe4 Re8 16. Bg2 Nce5 17. Nxe5 Nxe5 18. Be3 Re7 19. Qd5 Qc7 20. Rad1 Nc4 21. Bc1 Re5 22. Qf3 Rb8 23. b3 Nb6 24. c4 Bd7 25. Bb2 Rf8 26. Bxe5 dxe5 27. Nd5 Nxd5 28. Qxd5 Bc8 29. Rd3 Qe7 30. Rf3 Rd8 31. Qf7 Qa3 32. Qc7 Rg8 33. Rd1 1-0

[Event "Paris Apsap op"]
[Site "Paris"]
[Date "1998.??.??"]
[Round "?"]
[White "Gouret, Thierry"]
[Black "Royer, Sylvain"]
[Result "1-0"]
[WhiteElo "2275"]
[BlackElo "2180"]
[PlyCount "37"]
[EventDate "1998.??.??"]
[EventType "swiss"]
[EventRounds "9"]
[EventCountry "FRA"]
[SourceTitle "EXT 2002"]
[Source "ChessBase"]
[SourceDate "2001.11.25"]
[SourceVersion "1"]
[SourceVersionDate "2001.11.25"]
[SourceQuality "1"]

1. d4 Nf6 2. c4 g6 3. Nc3 Bg7 4. Nf3 0-0 5. Bg5 d6 6. e3 c5 7. d5 e6 8. Be2 exd5 9. cxd5 h6 10. Bh4 g5 11. Bg3 Nh5 12. Nd2 Nxg3 13. hxg3 Qe7 14. 0-0 Nd7 15. Nc4 Ne5 16. Nxe5 Qxe5 17. Re1 f5 18. a4 a6 19. Qb3 1-0

[Event "Paris Apsap op"]
[Site "Paris"]
[Date "1998.??.??"]
[Round "?"]
[White "Nikcevic, Nebojsa"]
[Black "Royer, Sylvain"]
[Result "0-1"]
[WhiteElo "2505"]
[BlackElo "2180"]
[PlyCount "58"]
[EventDate "1998.??.??"]
[EventType "swiss"]
[EventRounds "9"]
[EventCountry "FRA"]
[SourceTitle "EXT 2002"]
[Source "ChessBase"]
[SourceDate "2001.11.25"]
[SourceVersion "1"]
[SourceVersionDate "2001.11.25"]
[SourceQuality "1"]

1. Nf3 d5 2. c4 c6 3. e3 Nf6 4. Nc3 e6 5. d4 Nbd7 6. Bd3 Bd6 7. e4 dxe4 8. Nxe4 Nxe4 9. Bxe4 e5 10. 0-0 h6 11. Bc2 0-0 12. Qd3 f5 13. c5 Bc7 14. Qc4+ Kh8 15. dxe5 Nxe5 16. Nxe5 Bxe5 17. Bf4 Qd4 18. Qxd4 Bxd4 19. Bd6 Re8 20. Rae1 Be6 21. b3 Kg8 22. Re2 Kf7 23. Rd1 Bf6 24. Bd3 g6 25. Rxe6 Rxe6 26. Bc4 Rae8 27. Bf4 Kg7 28. Bxe6 Rxe6 29. b4 Re4 0-1